000 00736nam a22002417a 4500
999 _c14960
_d14960
003 AR-CdUCM
008 190425b ||||| |||| 00| 0 spa d
020 _a978-84-9825-849-3
040 _aMUNICIPALIDAD PROVINCIAL DEL CUSCO
_cBIBLIOTECA MUNICIPAL DEL CUSCO
041 _heng
082 _aPI / 376.1 /
_bR34
100 _aRedford, Ruth
_933899
245 _aToca, toca, el arco iris /
260 _aBarcelona :
_bCombel,
_c2013.
300 _a10 paginas ;
_bIlustraciones
_c26 cm.
500 _aTitulo original : Baby toych. Rainbow
650 _aArco iris
_933944
650 _aAprende palpando
_933910
650 _aLos colores
_933503
650 _aNiƱos (as)
_933869
942 _2ddc
_cLIBROS
945 _awnts
_d2019-04-25